Readings in money, national income, and stabilization policy, (Record no. 14671)

000 -LEADER
fixed length control field 00534cam a2200193 4500
020 ## - INTERNATIONAL STANDARD BOOK NUMBER
ISBN 0256015139
040 ## - CATALOGING SOURCE
Transcribing agency DLC
082 00 - DEWEY DECIMAL CLASSIFICATION NUMBER
Classification number 332 R.D.L 1974 A069 Or.
100 1# - MAIN ENTRY--AUTHOR NAME
Personal name Smith, Warren L.
245 10 - TITLE STATEMENT
Title Readings in money, national income, and stabilization policy,
250 ## - EDITION STATEMENT
Edition statement 3d ed.
260 ## - PUBLICATION, DISTRIBUTION, ETC. (IMPRINT)
Place of publication Homewood, Ill.,
Name of publisher R. D. Irwin,
Year of publication 1974.
300 ## - PHYSICAL DESCRIPTION
Number of Pages xi, 545 p.
Other physical details illus.
Dimensions 25 cm.
490 0# - SERIES STATEMENT
Series statement The Irwin series in economics
650 #0 - SUBJECT ADDED ENTRY--TOPICAL TERM
Topical Term Fiscal policy
650 #0 - SUBJECT ADDED ENTRY--TOPICAL TERM
Topical Term Monetary policy
700 1# - ADDED ENTRY--PERSONAL NAME
Personal name Teigen, Ronald L.,
942 ## - ADDED ENTRY ELEMENTS (KOHA)
Koha item type សៀវភៅភាសាអង់គ្លេស
952 ## - LOCATION AND ITEM INFORMATION (KOHA)
Withdrawn status [LOCAL, KOHA] 0
Holdings
Permanent Location Date acquired Koha item type Lost status Shelving location Barcode Current Location Full call number
Library Block A2017-10-24សៀវភៅភាសាអង់គ្លេស A069A06502Library Block A332 R.D.L 1974 A069 Or.
មជ្ឈមណ្ឌលឯការនៃសាកលវិទ្យាល័យភូមិន្ទកសិកម្មចំការដូង

Powered by Koha